000 00674nam a2200229Ia 4500
003 OSt
005 20220923225833.0
006 a|||||r|||| 00| 0
007 ta
008 Pun
024 _a275,151
037 _cTextual
040 _aARTS
_cARTS
_bPun
041 _2Pun
_aPun
082 _aO153,1M00,1, K5
100 _aਨਲਵਾ, ਹਰੀ ਸਿੰਘ; ਸਿੰਘ, ਗੰਡਾ, ਥਦ.
_9168835
245 0 _aਕਾਦਰਯਾਰ
260 _c1965
650 _aਪੰਜਾਬੀ ਸਾਹਿਤ
942 _hO153,1M00,1, K5
_cTEXL
_2CC
999 _c380739
_d380739